| 000 | 00882nam a2200169 a 4500 | ||
|---|---|---|---|
| 001 | 000043844 | ||
| 005 | 20201002045012.0 | ||
| 008 | 140507s2004 sp ac 000 0 spa d | ||
| 020 | _a8460796310 | ||
| 040 |
_aDO-SdBNP _bspa _cBNPHU |
||
| 100 | 1 |
_aSanchidrián Gallego, Jesús María José _969854 |
|
| 245 | 1 | 0 |
_aEstampas de la Tierra de Ávila : _bfotografías de un vivir diario (1987) / _cJesús M. J. Sanchidrán Gallego ; prólogo de José Jiménez Lozano. |
| 260 |
_aPiedrahíta Ávila : _bPiedra Caballero, revista cultural, _c2004. |
||
| 300 |
_a141 p. : _bil., retrs. ; _c30 cm. |
||
| 505 | 0 |
_aEl trabajo de la tierra-- _tLos molinos del Adaja-- _tEl trato de los animales -- _tTipos, arte y oficios -- _tCelebraciones festivas -- _tDeportes populares -- _tAtracciones -- _tTaurinos -- _tMozos y quintos -- _tCómicos y comediantes -- |
|
| 700 | 1 | 2 |
_aJiménez Lozano, José _epról. _921662 |
| 999 |
_c43333 _d43333 |
||